| 000 | 00410nam a2200145 i 4500 | ||
|---|---|---|---|
| 001 | 38032 | ||
| 003 | ES-MaACL | ||
| 005 | 20230906155702.0 | ||
| 007 | t| | ||
| 008 | 030224s1908 sp ||||1| spa d | ||
| 100 | 1 |
_aCabanyes, Isidoro. _933151 |
|
| 245 | 1 | 0 |
_aPolisección gráfica del ángulo / _cIsidoro Cabanyes. |
| 260 |
_aMadrid : _b[s.n., _c1908] ( _fEst. Tip. de Fortanet) |
||
| 852 |
_aES-MaACL _jT-1161-F-4 |
||
| 999 |
_c38032 _d38032 |
||